Corporate Personnel Management
Na minha lista:
| Autor principal: | |
|---|---|
| Formato: | Livro |
| Idioma: | inglês |
| Publicado em: |
London
Pitman
1988
|
| Edição: | 1. ed. |
| Tags: |
Sem tags, seja o primeiro a adicionar uma tag!
|
MARC
| LEADER | 00000nam a2200000 4500 | ||
|---|---|---|---|
| 001 | c032534 | ||
| 005 | 20221219115618.8 | ||
| 041 | 0 | |a eng | |
| 044 | |a GB | ||
| 245 | 1 | 0 | |a Corporate Personnel Management |c Bryan Livy |
| 250 | |a 1. ed. | ||
| 264 | 1 | |a London |b Pitman |c 1988 | |
| 300 | |a 495 s. | ||
| 100 | 1 | |a Livy, Bryan | |